000 00988nas a2200313 4500
001 BR2019001703
003 BR-BrBNA
005 20231205131949.0
007 ta
008 230509b bl.|||p| |||| 00| 00por d
040 _aBR-BrBNA
_bpor
_cBiblioteca Nacional de Agricultura
041 _a(En)
072 _aJ11; U10
100 1 _aBotelho, F.M.
100 1 _aBoschiroli Neto, N.J.
100 1 _aBotelho, S. de C.C.
100 1 _aOliveira, G.H.H. de
100 1 _aHauth, M.R.
245 1 _aSorption isotherms of Brazil nuts
650 _aCASTANHA DO PARÁ
650 _aSEMENTE
650 _aTEOR DE UMIDADE
650 _aARMAZENAMENTO
650 _aMODELO MATEMÁTICO
773 0 _tRevista Brasileira de Engenharia Agrícola e Ambiental (Brazil)
_xISSN 1807-1929
_g(Oct 2019), v. 23(10) p. 776-781
_wBR2019001703
856 4 0 _uhttp://www.scielo.br/pdf/rbeaa/v23n10/1415-4366-rbeaa-23-10-0776.pdf
909 _a202311
_bLúcia
_c55
_dLúcia Elande
942 _2AGRIS
_n0
_cANA
999 _c257704
_d257704